| 000 | 00740nam a2200217 a 4500 | ||
|---|---|---|---|
| 005 | 20210223123459.0 | ||
| 008 | 991125s1976 mx 000 0 spa u | ||
| 020 | _a8432302279 | ||
| 035 | _aUPN01000054220 | ||
| 049 | _aCG | ||
| 050 | 4 |
_aQL776 _bS6.48 |
|
| 245 | 0 | 0 |
_aSobre el lenguaje de los antropoides ; investigaciones sobre los rudimentos del lenguaje en los monos superiores / _cpor R. S. Fouts ... [et al.] ; comp. y tr. Víctor Sánchez Zavala. |
| 260 |
_aMéxico : _bSiglo XXI, _c1976. |
||
| 300 |
_a225 p. : _bil. |
||
| 440 | 0 | _aCiencia y técnica | |
| 650 | 4 |
_aSIMIOS - _xLENGUAJE |
|
| 650 | 4 |
_aSONIDOS DE ANIMALES _912212 |
|
| 700 | 1 |
_aFouts, R. S., _ecoaut. |
|
| 700 | 1 |
_aSánchez Zavala, Víctor, _ecomp. |
|
| 905 | _aLibro | ||
| 999 |
_c54220 _d54220 |
||